Discursos leídos en la sesión inaugural del año académico de 1897-98 en la Sociedad Española de Higiene / (Record no. 184310)

MARC details
000 -LEADER
campo de control de longitud fija 00758nam a2200181 i 4500
001 - NÚMERO DE CONTROL
campo de control 184310
003 - IDENTIFICADOR DE NÚMERO DE CONTROL
campo de control ES-MaACL
005 - FECHA Y HORA DE LA ÚLTIMA TRANSACCIÓN
campo de control 20250713083008.0
008 - DATOS DE LONGITUD FIJA--INFORMACIÓN GENERAL
campo de control de longitud fija 150617s1897 sp |||| | spa d
100 1# - ENTRADA PRINCIPAL--NOMBRE DE PERSONA
Nombre de persona Belmás, Mariano,
Fechas asociadas al nombre 1850-1916
9 (RLIN) 27296
245 10 - MENCIÓN DEL TÍTULO
Título Discursos leídos en la sesión inaugural del año académico de 1897-98 en la Sociedad Española de Higiene /
Mención de responsabilidad, etc. por Mariano Belmás y Jesús Sarabia y Pardo.
260 ## - PUBLICACIÓN, DISTRIBUCIÓN, ETC.
Lugar de publicación, distribución, etc. Madrid :
Nombre del editor, distribuidor, etc. [s.n.],
Fecha de publicación, distribución, etc. 1897 (
Fabricante Esc. Tip. del Hospicio)
300 ## - DESCRIPCIÓN FÍSICA
Extensión 92 p. ;
Dimensiones 23 cm.
700 1# - ENTRADA AGREGADA--NOMBRE PERSONAL
Nombre de persona Sarabia y Pardo, Jesús,
Fechas asociadas al nombre 1865-1943
9 (RLIN) 103740
710 2# - ENTRADA AGREGADA--NOMBRE DE ENTIDAD CORPORATIVA
Nombre de entidad corporativa o nombre de jurisdicción como elemento de entrada Sociedad Española de Higiene.
9 (RLIN) 6725
852 ## - LOCALIZACIÓN
Ubicación ES-MaACL
Número de control de estantería T-844-F-7
Nota libre - Enc. en un vol. facticio, conservando la enc. original
Holdings
Estatus retirado Estado de pérdida Estado de daño No para préstamo Colección Biblioteca de origen Biblioteca actual Ubicación en estantería Fecha de adquisición Fuente de adquisición Total de préstamos Signatura topográfica completa Código de barras Visto por última vez Precio de reemplazo Tipo de ítem Koha
        Colección de folletos Biblioteca del Ateneo de Madrid Biblioteca del Ateneo de Madrid Depósito folletos 17/06/2015     T-844-F-7 1193898 23/02/2023 23/02/2023 Folleto